| 000 | 01021nam a22002655i 4500 | ||
|---|---|---|---|
| 001 | 161449 | ||
| 003 | ES-MaACL | ||
| 005 | 20250901032930.0 | ||
| 008 | 041019s1883 xxk |||| | eng d | ||
| 040 |
_aCAM _bspa _cCAM |
||
| 080 | _a616.932 | ||
| 100 | 1 |
_aParkin, John, _d1801-1886 _eaut _9130864 |
|
| 245 | 1 | 4 |
_aThe antidotal treatment of the epidemic cholera / _cby John Parkin. |
| 250 | _a4th ed. | ||
| 260 |
_aLondon : _bDavid Bogue, _c1883. |
||
| 300 |
_aVIII, 280 páginas, [3] hojas ; _c22 cm. |
||
| 530 | _aDisponible en formato digital | ||
| 597 | _aLa última secuencia de paginación corresponde al catálogo de la editorial | ||
| 650 | 7 |
_aCólera _2embne _911143 |
|
| 852 |
_aES-MaACL _cDEPO2 _gDed. ms. del autor al ministro de Interior de España _hDonativo Roda _jE-13124 _xTela |
||
| 856 |
_uhttps://archive.org/details/b20394196/page/n5/mode/2up _yVersión en línea _z(Internet Archive) |
||
| 942 |
_2udc _cMONANT _n0 |
||
| 999 |
_c161449 _d161449 |
||